Socio-economic, psychological and ecological aspects of lifelong well-being; SHS Web of Conferences; Vol. 28 : Research Paradigms Transformation in Social Sciences (RPTSS 2015)
| Parent link: | SHS Web of Conferences Vol. 28 : Research Paradigms Transformation in Social Sciences (RPTSS 2015).— 2016.— [01118, 4 p.] |
|---|---|
| Autore principale: | |
| Ente Autore: | |
| Altri autori: | |
| Riassunto: | Title screen Modern state strategies and development programs of the society are aimed at the improvement of the population quality of life and its well-being. Well-being and ageing of population have become the important theme in the global science. However, there is no separate science or field of knowledge which studies well-being of people and society. This is because of unclear definition of well-being. There is no unique research approach and importance value of well-being for people and society on the whole. The article deals with a new term «common well-being» through indicators of four main aspects: economic, social, psychological and ecological. An indicator system of common well-being for modern people was develop ed based on two approaches: objective and subjective. |
| Lingua: | inglese |
| Pubblicazione: |
2016
|
| Soggetti: | |
| Accesso online: | http://dx.doi.org/10.1051/shsconf/20162801118 http://earchive.tpu.ru/handle/11683/33151 |
| Natura: | MixedMaterials Elettronico Capitolo di libro |
| KOHA link: | https://koha.lib.tpu.ru/cgi-bin/koha/opac-detail.pl?biblionumber=649659 |
MARC
| LEADER | 00000nla2a2200000 4500 | ||
|---|---|---|---|
| 001 | 649659 | ||
| 005 | 20240116150117.0 | ||
| 035 | |a (RuTPU)RU\TPU\network\14821 | ||
| 035 | |a RU\TPU\network\14820 | ||
| 090 | |a 649659 | ||
| 100 | |a 20160801a2016 k y0engy50 ba | ||
| 101 | 0 | |a eng | |
| 105 | |a y z 100zy | ||
| 135 | |a drgn ---uucaa | ||
| 181 | 0 | |a i | |
| 182 | 0 | |a b | |
| 200 | 1 | |a Socio-economic, psychological and ecological aspects of lifelong well-being |f A. A. Baryshev, I. V. Kashchuk | |
| 203 | |a Text |c electronic | ||
| 300 | |a Title screen | ||
| 320 | |a [References: 8 tit.] | ||
| 330 | |a Modern state strategies and development programs of the society are aimed at the improvement of the population quality of life and its well-being. Well-being and ageing of population have become the important theme in the global science. However, there is no separate science or field of knowledge which studies well-being of people and society. This is because of unclear definition of well-being. There is no unique research approach and importance value of well-being for people and society on the whole. The article deals with a new term «common well-being» through indicators of four main aspects: economic, social, psychological and ecological. An indicator system of common well-being for modern people was develop ed based on two approaches: objective and subjective. | ||
| 461 | 0 | |0 (RuTPU)RU\TPU\network\14324 |t SHS Web of Conferences | |
| 463 | 0 | |0 (RuTPU)RU\TPU\network\14326 |t Vol. 28 : Research Paradigms Transformation in Social Sciences (RPTSS 2015) |o International Conference, December 15-17, 2015, Tomsk, Russia |o [proceedings] |f National Research Tomsk Polytechnic University (TPU) ; eds. I. B. Ardashkin ; N. V. Martyushev |v [01118, 4 p.] |d 2016 | |
| 610 | 1 | |a электронный ресурс | |
| 610 | 1 | |a труды учёных ТПУ | |
| 610 | 1 | |a социально-экономические аспекты | |
| 610 | 1 | |a психологические аспекты | |
| 610 | 1 | |a экологические аспекты | |
| 610 | 1 | |a благополучие | |
| 610 | 1 | |a качество жизни | |
| 700 | 1 | |a Baryshev |b A. A. |c economist |c Associate Professor of Tomsk Polytechnic University, candidate of economic sciences |f 1960- |g Aleksey Andreevich |3 (RuTPU)RU\TPU\pers\36423 | |
| 701 | 1 | |a Kashchuk |b I. V. |c economist |c Associate Professor of Tomsk Polytechnic University, Candidate of technical sciences |f 1958- |g Irina Vadimovna |3 (RuTPU)RU\TPU\pers\33511 |9 17179 | |
| 712 | 0 | 2 | |a Национальный исследовательский Томский политехнический университет (ТПУ) |b Институт социально-гуманитарных технологий (ИСГТ) |b Кафедра экономики (ЭКОН) |3 (RuTPU)RU\TPU\col\18375 |
| 801 | 2 | |a RU |b 63413507 |c 20170120 |g RCR | |
| 856 | 4 | |u http://dx.doi.org/10.1051/shsconf/20162801118 | |
| 856 | 4 | |u http://earchive.tpu.ru/handle/11683/33151 | |
| 942 | |c CF | ||